| 000 | 00627nam a2200217 i 4500 | ||
|---|---|---|---|
| 001 | 63594 | ||
| 003 | ES-MaACL | ||
| 005 | 20230906164924.0 | ||
| 007 | t| | ||
| 008 | 031212s1986 fr ||||1| fre d | ||
| 020 | _a2-07-070535-8 | ||
| 100 | 1 |
_aFerry, Luc. _950610 |
|
| 245 | 1 | 3 |
_aLa pensée 68 _b: essai sur l'anti-humanisme contemporain / _cLuc Ferry, Alain Renaut. |
| 260 |
_a[Paris] : _bGallimard, _c[1986] |
||
| 300 |
_a293 p. ; _c21 cm. |
||
| 490 | 1 | _aLe monde actuel | |
| 700 | 1 |
_aRenaut, Alain. _996195 |
|
| 830 | 0 |
_aLe monde actuel _9182898 |
|
| 852 |
_aES-MaACL _jL-10676 _bR.112512 |
||
| 999 |
_c63594 _d63594 |
||